| 000 | 01064cam a2200325 i 4500 | ||
|---|---|---|---|
| 999 |
_c200449515 _d67727 |
||
| 003 | TR-AnTOB | ||
| 005 | 20220822102936.0 | ||
| 007 | ta | ||
| 008 | 990318s1976 tu 00000 tur | ||
| 040 |
_aTR-AnTOB _beng _erda _cTR-AnTOB |
||
| 041 | 0 | _atur | |
| 050 | 0 | 0 |
_aHB180.T8 _bZ37 1976 |
| 090 |
_aTOBBK HB180.T8 _bZ37 1976 |
||
| 100 | 1 |
_aZarakolu, Avni _9129256 |
|
| 245 | 1 | 0 | _aİktisat ilminin temel ilkeleri. |
| 250 | _a3rd ed. | ||
| 264 | 1 |
_aAnkara : _bAnkara Üniversitesi Hukuk Fakültesi, _c1976. |
|
| 300 |
_avolumes ; _c21 cm |
||
| 336 |
_atext _btxt _2rdacontent |
||
| 337 |
_aunmediated _bn _2rdamedia |
||
| 338 |
_avolume _bnc _2rdacarrier |
||
| 410 | 1 | 1 |
_aAnkara Üniversitesi Hukuk Fakültesi Yayınları; _vNo.386. |
| 583 | 0 |
_a condition reviewed _c 20190326 _l damaged _l leaf attachment not intact _l hinges torn _l foxing _l cover damaged _2 pda _5 B9K |
|
| 650 | 0 |
_aEconomics _963487 |
|
| 650 | 0 |
_aMacroeconomics _9421 |
|
| 650 | 0 |
_aMonetary policy _913685 |
|
| 942 |
_2z _cBK |
||